Lãng du trong văn hóa Việt Nam Đất Việt Tập 1
Đã lưu trong:
| Tác giả chính: | |
|---|---|
| Định dạng: | Sách |
| Ngôn ngữ: | Vietnamese |
| Được phát hành: |
Hà Nội
Kim Đồng
2018
|
| Những chủ đề: | |
| Các nhãn: |
Thêm thẻ
Không có thẻ, Là người đầu tiên thẻ bản ghi này!
|
| Thư viện lưu trữ: | Trung tâm Học liệu Lê Vũ Hùng, Trường Đại học Đồng Tháp |
|---|
| LEADER | 00737nam a22002418a 4500 | ||
|---|---|---|---|
| 001 | 00042876 | ||
| 005 | 20181029161023.0 | ||
| 008 | 171101s2017####-vm#################vie|d | ||
| 020 | # | # | |a 978 604 2 09965 3 |c 96000 |
| 041 | 0 | # | |a Vie |
| 082 | # | # | |a 306.095 97 |b L106D |
| 100 | 1 | # | |a Hữu Ngọc |
| 245 | 1 | 0 | |p Đất Việt |n Tập 1 |a Lãng du trong văn hóa Việt Nam |c Hữu Ngọc |
| 260 | # | # | |b Kim Đồng |c 2018 |a Hà Nội |
| 300 | # | # | |a 344 tr. |c 23 cm. |
| 653 | # | # | |a Lịch sử |
| 653 | # | # | |a Sách thiếu Nhi |
| 653 | # | # | |a Việt Nam |
| 653 | # | # | |a Văn hóa |
| 852 | # | # | |j KD.0024841 |
| 910 | 0 | # | |d 26/10/2018 |
| 980 | # | # | |a Trung tâm Học liệu Lê Vũ Hùng, Trường Đại học Đồng Tháp |